Cyclisme : Top 20 du Renewi Tour 2024 - Statistiques

Statistiques générales
  • Ce quiz a été pris 22 fois
  • Le résultat moyen est 5 sur 20
Statistiques - réponses
Position Equipe Coureur % Correct
1er UAE Team Emirates Tim Wellens
86%
4eme Visma Lease a Bike Christophe Laporte
57%
2eme Lotto Dstny Alec Segaert
50%
6eme Alpecin Deceuninck Jasper Philipsen
50%
8eme Bahrain Victorious Matej Mohoric
43%
14eme Groupama FDJ Valentin Madouas
43%
13eme Tudor Pro Cycling Team Matteo Trentin
36%
3eme Visma Lease a Bike Per Strand Hagenes
36%
5eme Decathlon Ag2r La Mondiale Stan Dewulf
36%
10eme Astana Qazaqstan Team Alberto Bettiol
21%
19eme Cofidis Axel Zingle
14%
7eme Ineos Grenadier Ben Turner
14%
17eme Intermarché Wanty Mike Teunissen
14%
12eme Bahrain Victorious Fred Wright
7%
20eme Groupama FDJ Laurence Pithie
7%
9eme Red Bull Bora Hansgrohe Maximiliam Schachmann
7%
15eme Tudor Pro Cycling Team Rick Pluimers
7%
18eme Decathlon Ag2r La Mondiale Aurélien Paret-Peintre
0%
11eme Soudal Quick Step Ilan Van Wilder
0%
16eme Lidl Trek Jasper Stuyvens
0%
Aucun quiz correspondant
Distribution des résultats
% des personnes avec chaque résultat
Percentile par nombre de réponses
Votre historique - résultats
Vous n’avez pas pris ce quiz